<?xml version="1.0" encoding="UTF-8"?>
<record
    xmlns:xsi="http://www.w3.org/2001/XMLSchema-instance"
    xsi:schemaLocation="http://www.loc.gov/MARC21/slim http://www.loc.gov/standards/marcxml/schema/MARC21slim.xsd"
    xmlns="http://www.loc.gov/MARC21/slim">

  <leader>03730nam a2200577Ia 4500</leader>
  <controlfield tag="001">715</controlfield>
  <controlfield tag="008">241029s9999    xx            000 0 und d</controlfield>
  <datafield tag="010" ind1=" " ind2=" ">
    <subfield code="a">643</subfield>
  </datafield>
  <datafield tag="041" ind1=" " ind2=" ">
    <subfield code="a">Espa&#xF1;ol</subfield>
  </datafield>
  <datafield tag="082" ind1=" " ind2=" ">
    <subfield code="a">NO APLICA</subfield>
  </datafield>
  <datafield tag="245" ind1=" " ind2="0">
    <subfield code="a">Estrategia para la integraci&#xF3;n de la Escuela B&#xE1;sica &#xC1;ngela N&#xFA;&#xF1;ez Fern&#xE1;ndez con la familia y la comunidad de Madre Vieja Norte del Municipio de San Crist&#xF3;bal.</subfield>
  </datafield>
  <datafield tag="260" ind1=" " ind2=" ">
    <subfield code="a">San Crist&#xF3;bal</subfield>
  </datafield>
  <datafield tag="300" ind1=" " ind2=" ">
    <subfield code="a">58</subfield>
  </datafield>
  <datafield tag="520" ind1=" " ind2=" ">
    <subfield code="a">18</subfield>
  </datafield>
  <datafield tag="630" ind1=" " ind2=" ">
    <subfield code="a">Actores Educativos</subfield>
  </datafield>
  <datafield tag="630" ind1=" " ind2=" ">
    <subfield code="a">Aportes</subfield>
  </datafield>
  <datafield tag="630" ind1=" " ind2=" ">
    <subfield code="a">Asociaciones de Padres</subfield>
  </datafield>
  <datafield tag="630" ind1=" " ind2=" ">
    <subfield code="a">Comunidad Educativa</subfield>
  </datafield>
  <datafield tag="630" ind1=" " ind2=" ">
    <subfield code="a">Convivencia Escolar</subfield>
  </datafield>
  <datafield tag="650" ind1=" " ind2=" ">
    <subfield code="a">Educaci&#xF3;n</subfield>
  </datafield>
  <datafield tag="690" ind1=" " ind2=" ">
    <subfield code="a">Elaborado</subfield>
  </datafield>
  <datafield tag="700" ind1=" " ind2=" ">
    <subfield code="e">asesor</subfield>
    <subfield code="a">D&#xED;az, Luis Amaury</subfield>
  </datafield>
  <datafield tag="700" ind1=" " ind2=" ">
    <subfield code="e">autor</subfield>
    <subfield code="a">&#xC3;&#x81;lvarez , Anita</subfield>
  </datafield>
  <datafield tag="700" ind1=" " ind2=" ">
    <subfield code="e">autor</subfield>
    <subfield code="a">Rosa Brito, Amarily</subfield>
  </datafield>
  <datafield tag="901" ind1=" " ind2=" ">
    <subfield code="a">{"1":"&#xC3;&#x81;lvarez ","2":"Rosa Brito"}</subfield>
    <subfield code="b">{"1":"Anita","2":"Amarily"}</subfield>
  </datafield>
  <datafield tag="902" ind1=" " ind2=" ">
    <subfield code="a">1</subfield>
  </datafield>
  <datafield tag="903" ind1=" " ind2=" ">
    <subfield code="a">{"1":"D&#xED;az"}</subfield>
    <subfield code="b">{"1":"Luis Amaury"}</subfield>
  </datafield>
  <datafield tag="904" ind1=" " ind2=" ">
    <subfield code="a">Maestr&#xED;a en</subfield>
  </datafield>
  <datafield tag="905" ind1=" " ind2=" ">
    <subfield code="a">Gesti&#xF3;n de Centros Educativos</subfield>
  </datafield>
  <datafield tag="906" ind1=" " ind2=" ">
    <subfield code="a">2</subfield>
  </datafield>
  <datafield tag="907" ind1=" " ind2=" ">
    <subfield code="a">NO APLICA</subfield>
  </datafield>
  <datafield tag="908" ind1=" " ind2=" ">
    <subfield code="a">NO APLICA</subfield>
  </datafield>
  <datafield tag="909" ind1=" " ind2=" ">
    <subfield code="a">Universidad Aut&#xF3;noma de Santo Domingo (UASD)</subfield>
  </datafield>
  <datafield tag="910" ind1=" " ind2=" ">
    <subfield code="a">NULL</subfield>
    <subfield code="b">NULL</subfield>
  </datafield>
  <datafield tag="911" ind1=" " ind2=" ">
    <subfield code="a">["1"]</subfield>
  </datafield>
  <datafield tag="912" ind1=" " ind2=" ">
    <subfield code="a">NO APLICA</subfield>
  </datafield>
  <datafield tag="913" ind1=" " ind2=" ">
    <subfield code="a">NULL</subfield>
  </datafield>
  <datafield tag="914" ind1=" " ind2=" ">
    <subfield code="a">03 de Junio de 2013</subfield>
  </datafield>
  <datafield tag="915" ind1=" " ind2=" ">
    <subfield code="a">21/12/19 01:12</subfield>
  </datafield>
  <datafield tag="916" ind1=" " ind2=" ">
    <subfield code="a">NULL</subfield>
  </datafield>
  <datafield tag="917" ind1=" " ind2=" ">
    <subfield code="a">NULL</subfield>
  </datafield>
  <datafield tag="918" ind1=" " ind2=" ">
    <subfield code="a">NO APLICA</subfield>
  </datafield>
  <datafield tag="919" ind1=" " ind2=" ">
    <subfield code="a">["7","214","23","45","239"]</subfield>
  </datafield>
  <datafield tag="520" ind1=" " ind2=" ">
    <subfield code="a">El prop&#xF3;sito principal de este estudio consisti&#xF3; en presentar una propuesta de intervenci&#xF3;n de los actores de dicho centro educativo para fortalecer sus v&#xED;nculos con la comunidad, plantear un marco estrat&#xE9;gico de gesti&#xF3;n a ejecutar por la Escuela B&#xE1;sica &#xC1;ngela N&#xFA;&#xF1;ez Fern&#xE1;ndez tendiente a fortalecer sus v&#xED;nculos con la familia y la comunidad a la que pertenece. La investigaci&#xF3;n de este estudio fue de corte cualitativo cuantitativo, con el uso del m&#xE9;todo descriptivo, estad&#xED;stico-anal&#xED;tico. Se trabaj&#xF3; con una poblaci&#xF3;n de 50 personas al azar simple, ubicados en sus hogares con el auxilio de sus hijos que cursan estudios en la instituci&#xF3;n. Las t&#xE9;cnicas aplicadas para este estudio consistieron en la observaci&#xF3;n de la escuela, su entorno y la comunidad; revisi&#xF3;n de material bibliogr&#xE1;fico y consultas a la p&#xE1;gina web. Se utiliz&#xF3; un cuestionario como instrumento. Los an&#xE1;lisis realizados indican que de la muestra seleccionada, solamente una parte no muy considerada de ella, participa en actividades que realiza el centro educativo; y cuando lo hace, es por cuestiones muy puntuales que tienen que ver con el comportamiento escolar de sus hijos. Los/as ni&#xF1;os/as provienen de familias cuyos padres son relativamente j&#xF3;venes, con una edad de 36 a&#xF1;os, cuyos tutores son mayormente mujeres. De las preguntas realizadas en el cuestionario aplicado a los padres y madres de los alumnos solamente asisten a la escuela en menor cantidad de veces, la gran mayor&#xED;a nunca o a veces asiste al centro educativo. El segmento poblacional que m&#xE1;s participa en las actividades de la escuela es el que no lleg&#xF3; a terminar el nivel b&#xE1;sico de ellos.El estudio propone que la escuela tiene que mantener una armon&#xED;a entre todos los actores del proceso educativo; para poder desarrollar los programas de integraci&#xF3;n con la escuela, familia y comunidad. La familia tiene que jugar un papel preponderante junto a la escuela y comunidad, y promover todos los actores del proceso. Con su papel protag&#xF3;nico en ella se podr&#xE1; alcanzar un avance por etapas, es la llamada a controlar a los estudiantes, familias y controlar el &#xE9;xito de toda la comunidad.</subfield>
  </datafield>
  <datafield tag="921" ind1=" " ind2=" ">
    <subfield code="a">16</subfield>
  </datafield>
  <datafield tag="922" ind1=" " ind2=" ">
    <subfield code="a">16</subfield>
  </datafield>
  <datafield tag="923" ind1=" " ind2=" ">
    <subfield code="a">0</subfield>
  </datafield>
  <datafield tag="924" ind1=" " ind2=" ">
    <subfield code="a">NO APLICA</subfield>
  </datafield>
  <datafield tag="942" ind1=" " ind2=" ">
    <subfield code="c">Tesis</subfield>
  </datafield>
  <datafield tag="999" ind1=" " ind2=" ">
    <subfield code="c">643</subfield>
    <subfield code="d">643</subfield>
  </datafield>
</record>
